[Event "BW 2018 B-Open"]
[Site "Bad Woerishofen"]
[Date "2018.02.28"]
[Round "6.7"]
[White "Frijling, Jeroen"]
[Black "Wegscheider, Michael"]
[Result "1-0"]
[WhiteElo "1696"]
[BlackElo "1806"]
[Annotator "chessorg"]
[PlyCount "115"]
[EventDate "2018.??.??"]
[WhiteTeam "Alphense SC"]

1. d4 b6 2. c4 e6 3. g3 Bb7 4. Nf3 Bb4+ 5. Bd2 Bxf3 6. exf3 Bxd2+ 7. Qxd2 d6 8.
Bg2 Nd7 9. f4 Rb8 10. Nc3 a6 11. O-O Ne7 12. Rfe1 O-O 13. d5 e5 14. fxe5 Nxe5
15. b3 N7g6 16. f4 Nd7 17. b4 Ra8 18. a3 Qb8 19. Bh3 Nf6 20. Ne4 Qd8 21. Qd4
Nd7 22. c5 f5 23. Ng5 bxc5 24. Qc3 cxb4 25. axb4 Ra7 26. Ne6 Qf6 27. Qd3 Rfa8
28. Bxf5 Ndf8 29. Rac1 Ne7 30. Bh3 Neg6 31. Nxc7 Rb8 32. Nxa6 Rb6 33. b5 Qb2
34. Rc8 Qxb5 35. Be6+ Rf7 36. Qxb5 Rxb5 37. Bxf7+ Kxf7 38. Rc7+ Kf6 39. Rc6
Rxd5 40. Nc7 Rd2 41. Ne8+ Kf5 42. Rxd6 Rxd6 43. Nxd6+ Kf6 44. Kf2 h5 45. Kf3
Ne7 46. Ke4 g6 47. Nc4 Ne6 48. Nb6 Ng7 49. Nd5+ Nxd5 50. Kxd5 g5 51. Re4 g4 52.
Re5 Nf5 53. Rxf5+ Kxf5 54. Kd4 h4 55. Kd5 hxg3 56. hxg3 Kf6 57. Ke4 Kg6 58. Ke5
1-0

[Event "BW 2018 B-Open"]
[Site "Bad Woerishofen"]
[Date "2018.02.28"]
[Round "6.9"]
[White "Specht, Helmut"]
[Black "Schmidt, Alfred"]
[Result "1/2-1/2"]
[WhiteElo "1913"]
[BlackElo "1784"]
[Annotator "chessorg"]
[PlyCount "89"]
[EventDate "2018.??.??"]
[BlackTeam "SF Bad Groenenbach"]

1. d4 b6 2. Nf3 Bb7 3. Bf4 e6 4. e3 Bd6 5. Bg3 Bxg3 6. hxg3 Nf6 7. Bd3 Nc6 8.
c3 d6 9. Nbd2 Qd7 10. Qe2 O-O-O 11. Ba6 Nb8 12. Bxb7+ Kxb7 13. a4 a6 14. Qd3 g6
15. b4 Qe7 16. Ne4 Nfd7 17. Rb1 f5 18. Ned2 h5 19. Nb3 g5 20. c4 h4 21. gxh4
gxh4 22. Ke2 Ka7 23. a5 e5 24. Qxf5 Rdf8 25. Qc2 h3 26. Rxh3 Rxh3 27. gxh3 Qf7
28. Nbd2 exd4 29. exd4 Qe6+ 30. Qe4 Qxh3 31. Rg1 Qh8 32. Kd1 Re8 33. Qd5 Qf8
34. Re1 Rxe1+ 35. Kxe1 Qe7+ 36. Kd1 Nf6 37. axb6+ cxb6 38. Qf5 Nbd7 39. Ng5 Qe8
40. Ndf3 Qc8 41. Qe6 Qc6 42. Kd2 Qa4 43. Qxd6 Qa2+ 44. Ke3 Qxc4 45. Kd2 1/2-1/2

[Event "BW 2018 B-Open"]
[Site "Bad Woerishofen"]
[Date "2018.02.28"]
[Round "6.10"]
[White "Papa, Angelo"]
[Black "Buchaeckert, Juergen"]
[Result "1/2-1/2"]
[WhiteElo "1754"]
[BlackElo "1859"]
[Annotator "chessorg"]
[PlyCount "41"]
[EventDate "2018.??.??"]
[BlackTeam "SK 1912 Ludwigshafen"]

1. d4 Nf6 2. c4 g6 3. Nc3 d5 4. Nf3 Bg7 5. Qb3 dxc4 6. Qxc4 O-O 7. e4 Nc6 8.
Be2 Bg4 9. Be3 Bxf3 10. Bxf3 e5 11. Rd1 exd4 12. Bxd4 Nxd4 13. Rxd4 Qe7 14. O-O
Ne8 15. Rd3 Nd6 16. Qb4 a5 17. Qc5 Bxc3 18. Rxc3 c6 19. Rd1 Nc8 20. Qxe7 Nxe7
21. Rcd3 1/2-1/2

[Event "BW 2018 B-Open"]
[Site "Bad Woerishofen"]
[Date "2018.02.28"]
[Round "6.17"]
[White "Vaclahovsky, Gerhard"]
[Black "Bernhard, Thomas"]
[Result "0-1"]
[WhiteElo "1684"]
[BlackElo "1800"]
[Annotator "chessorg"]
[PlyCount "38"]
[EventDate "2018.??.??"]
[WhiteTeam "SK Keres-Augsburg 1980"]
[BlackTeam "SF Gottmadingen"]

1. e4 e6 2. d4 d5 3. exd5 exd5 4. Nf3 Nc6 5. a3 Bd6 6. Be2 Nge7 7. O-O O-O 8.
Bg5 f6 9. Bc1 Re8 10. c3 Bg4 11. Nh4 Bxe2 12. Qxe2 Ng6 13. Qg4 Re4 14. f4 Nxh4
15. Qxh4 Qd7 16. Qh5 Rae8 17. Qxd5+ Kh8 18. Nd2 Re2 19. f5 Bxh2+ 0-1

[Event "BW 2018 B-Open"]
[Site "Bad Woerishofen"]
[Date "2018.02.28"]
[Round "6.25"]
[White "Fischer, Johann"]
[Black "Sauerwein, Martin"]
[Result "1-0"]
[WhiteElo "1721"]
[BlackElo "1527"]
[Annotator "chessorg"]
[PlyCount "73"]
[EventDate "2018.??.??"]
[WhiteTeam "SK Krumbach"]

1. e4 e5 2. Bc4 Nf6 3. Nc3 Bb4 4. Nge2 Nc6 5. O-O d6 6. d3 h6 7. f4 Bg4 8. h3
Bc5+ 9. Kh2 Bxe2 10. Nxe2 Na5 11. Bb3 Nxb3 12. axb3 O-O 13. f5 d5 14. exd5 Ng4+
15. Kg3 Ne3 16. Bxe3 Bxe3 17. Kh2 Qxd5 18. Rf3 Bg5 19. Ra4 Qd6 20. Re4 Rae8 21.
Kh1 g6 22. Qf1 h5 23. h4 Bf6 24. Rg3 Bg7 25. Rf3 Kh7 26. Ng1 Qc6 27. Qe2 Rd8
28. Qf1 Qb6 29. Qe2 Rd4 30. fxg6+ fxg6 31. Rxf8 Bxf8 32. Nf3 Rxe4 33. Qxe4 Bg7
34. Nxe5 Qf6 35. d4 Qf1+ 36. Kh2 Bh6 37. Qxg6+ 1-0

[Event "BW 2018 B-Open"]
[Site "Bad Woerishofen"]
[Date "2018.02.28"]
[Round "6.26"]
[White "Gupta, Sara"]
[Black "Dahmen, Juergen"]
[Result "1-0"]
[WhiteElo "1315"]
[BlackElo "1710"]
[Annotator "chessorg"]
[PlyCount "101"]
[EventDate "2018.??.??"]
[BlackTeam "SV Wolfbusch"]

1. e4 c5 2. Nc3 e6 3. f4 d6 4. Bb5+ Nd7 5. Bc4 a6 6. a4 Ngf6 7. d3 Be7 8. Nf3
Qc7 9. O-O O-O 10. Qe1 Nb6 11. Ba2 Bd7 12. a5 Nc8 13. Bc4 Bc6 14. e5 Ne8 15.
Qg3 d5 16. Bb3 c4 17. dxc4 dxc4 18. Ba2 Qxa5 19. Be3 Bc5 20. Nd2 Bxe3+ 21. Qxe3
Qb6 22. Nxc4 Qxe3+ 23. Nxe3 Nb6 24. Nc4 Nxc4 25. Bxc4 Nc7 26. Rfd1 Rfd8 27. Rd6
Kf8 28. Rad1 Ke8 29. g3 Rd7 30. Rxd7 Bxd7 31. Ne4 b5 32. Bb3 Bc6 33. Nd6+ Ke7
34. Rd3 Rd8 35. Rc3 Rxd6 36. exd6+ Kxd6 37. Kf2 Nd5 38. Bxd5 Bxd5 39. Rc8 h5
40. Ke3 a5 41. Kd4 a4 42. Rc5 Bc4 43. Rxh5 g6 44. Rh7 Ke7 45. c3 Kf6 46. g4 Ba2
47. Kc5 Bc4 48. Kd6 g5 49. Rh6+ Kg7 50. fxg5 f6 51. Rxf6 1-0

[Event "BW 2018 B-Open"]
[Site "Bad Woerishofen"]
[Date "2018.02.28"]
[Round "6.29"]
[White "Cremonini, Stefano"]
[Black "Gronde, Benedikt"]
[Result "0-1"]
[WhiteElo "1591"]
[BlackElo "1782"]
[Annotator "chessorg"]
[PlyCount "41"]
[EventDate "2018.??.??"]
[BlackTeam "Keres Augsburg"]

1. b3 e5 2. Bb2 Nc6 3. e3 d5 4. Bb5 Bd6 5. Nf3 f6 6. d4 e4 7. Nfd2 a6 8. Bxc6+
bxc6 9. c4 f5 10. Ba3 Qg5 11. g3 Nf6 12. Bxd6 cxd6 13. Nc3 Be6 14. Ne2 Bf7 15.
h4 Qh6 16. Nf4 Nh5 17. Nxh5 Bxh5 18. Qc2 O-O 19. Rc1 Qg6 20. Rh2 Qg4 21. Qd1
0-1

[Event "BW 2018 B-Open"]
[Site "Bad Woerishofen"]
[Date "2018.02.28"]
[Round "6.30"]
[White "Goetz, Sibylle"]
[Black "Felber, Gerald"]
[Result "0-1"]
[WhiteElo "1236"]
[BlackElo "1742"]
[Annotator "chessorg"]
[PlyCount "58"]
[EventDate "2018.??.??"]
[WhiteTeam "SC Siegburg"]
[BlackTeam "SC Schwarz-Wei? Lichtenrade e.V."]

1. c4 c5 2. g3 Nf6 3. Bg2 e6 4. Nf3 Nc6 5. O-O d5 6. b3 Be7 7. Bb2 O-O 8. Nc3
d4 9. Nb5 a6 10. Na3 Rb8 11. e3 e5 12. Qe2 Bg4 13. Rfd1 e4 14. Qe1 Bxf3 15.
Bxf3 exf3 16. Nc2 d3 17. Na3 Qd7 18. e4 Qh3 19. Qf1 Qxf1+ 20. Kxf1 Nxe4 21. Nb1
Bf6 22. Nc3 Nxc3 23. dxc3 Rbd8 24. Ba3 Bxc3 25. Rac1 Bb4 26. Bxb4 Nxb4 27. Rc3
Rfe8 28. a3 Nc2 29. Rcxd3 Rxd3 0-1

[Event "BW 2018 B-Open"]
[Site "Bad Woerishofen"]
[Date "2018.02.28"]
[Round "6.31"]
[White "Zeleny, Luca"]
[Black "Kearsley, Raymond"]
[Result "1/2-1/2"]
[WhiteElo "1659"]
[BlackElo "1616"]
[Annotator "chessorg"]
[PlyCount "65"]
[EventDate "2018.??.??"]
[WhiteTeam "SV Unser Fritz"]
[BlackTeam "Wimbledon"]

1. e4 c5 2. Nf3 g6 3. d4 cxd4 4. Nxd4 Bg7 5. Be3 Nf6 6. Nc3 Nc6 7. Bc4 O-O 8.
f3 e6 9. Bb3 d5 10. exd5 Nxd5 11. Nxd5 exd5 12. Qd2 Re8 13. O-O-O Na5 14. Kb1
Nc4 15. Bxc4 dxc4 16. h4 Qb6 17. c3 Qa5 18. Bh6 Bf5+ 19. Nxf5 Qxf5+ 20. Ka1
Bxh6 21. Qxh6 Re2 22. h5 Rxg2 23. hxg6 Qxg6 24. Qh4 Qc2 25. Rd8+ Rxd8 26. Qxd8+
Kg7 27. Qd4+ Kg6 28. Qd6+ f6 29. Rb1 Rd2 30. Qg3+ Kf7 31. Qc7+ Kg6 32. Qg3+ Kf7
33. Qc7+ 1/2-1/2

[Event "BW 2018 B-Open"]
[Site "Bad Woerishofen"]
[Date "2018.02.28"]
[Round "6.32"]
[White "Keymling, Detlev"]
[Black "Schwirz, Horst"]
[Result "0-1"]
[WhiteElo "1641"]
[BlackElo "1559"]
[Annotator "chessorg"]
[PlyCount "82"]
[EventDate "2018.??.??"]
[WhiteTeam "SK Rochade Augsburg"]
[BlackTeam "Niendorfer TSV 1919 SAbt"]

1. Nf3 Nf6 2. c4 g6 3. Nc3 Bg7 4. e4 d6 5. d4 Nbd7 6. Be2 O-O 7. O-O e5 8. Bg5
Re8 9. Nd5 c6 10. dxe5 dxe5 11. Nxf6+ Bxf6 12. Bxf6 Qxf6 13. Qc2 Nf8 14. h3 Ne6
15. Kh2 Nd4 16. Nxd4 exd4 17. f3 Rd8 18. c5 b6 19. b4 a5 20. Bd3 axb4 21. Rfb1
Qe5+ 22. Kh1 bxc5 23. Bc4 Ba6 24. Rd1 Bxc4 25. Qxc4 Ra3 26. Kg1 d3 27. Rab1 Rd4
28. Qc1 Rxa2 29. Rb2 Rxb2 30. Qxb2 Qd6 31. Kf2 c4 32. Ke3 c3 33. Qa1 d2 34. Qa2
c5 35. Qb3 c4 36. Qa2 b3 37. Qa8+ Qd8 38. Qa1 Rd3+ 39. Ke2 c2 40. Qa3 cxd1=Q+
41. Kxd1 Rc3 0-1

[Event "BW 2018 B-Open"]
[Site "Bad Woerishofen"]
[Date "2018.03.01"]
[Round "7.1"]
[White "Pensold, Heiko"]
[Black "Von Saldern, Ruediger"]
[Result "1-0"]
[WhiteElo "1958"]
[BlackElo "1854"]
[Annotator "chessorg"]
[PlyCount "91"]
[EventDate "2018.??.??"]
[BlackTeam "Schachclub Starnberg 1820 e.V."]

1. d4 d5 2. Nf3 Nf6 3. Nbd2 Bg4 4. Ne5 Bh5 5. Ndf3 e6 6. h3 Nbd7 7. Bg5 Be7 8.
c3 Nxe5 9. Nxe5 Nd7 10. Bf4 Nxe5 11. Bxe5 f6 12. Bf4 O-O 13. g4 Bg6 14. h4 Bd6
15. Be3 c6 16. h5 Bf7 17. Qd2 Qa5 18. a3 e5 19. g5 fxg5 20. dxe5 Bxe5 21. Bxg5
d4 22. cxd4 Qxd2+ 23. Bxd2 Bxd4 24. Bc3 Bxc3+ 25. bxc3 Rad8 26. Rb1 b6 27. Bg2
Bd5 28. e4 Rde8 29. f3 c5 30. Kd2 Bc6 31. Ke3 Rd8 32. Bf1 Rf6 33. Bc4+ Kh8 34.
Rhg1 g6 35. hxg6 Rxg6 36. f4 Kg7 37. Bd3 Kf7 38. e5 Rh6 39. Rg3 Bd5 40. Rbg1
Kf8 41. Be4 Ke7 42. Rg7+ Bf7 43. R1g3 Rh8 44. Bd5 Rf8 45. f5 Ke8 46. e6 1-0

[Event "BW 2018 B-Open"]
[Site "Bad Woerishofen"]
[Date "2018.03.01"]
[Round "7.2"]
[White "Bossoni, Mario"]
[Black "Kerber, Alfred"]
[Result "1/2-1/2"]
[WhiteElo "1907"]
[BlackElo "1939"]
[Annotator "chessorg"]
[PlyCount "81"]
[EventDate "2018.??.??"]
[BlackTeam "SK Reutte"]

1. e4 e5 2. Bc4 Nf6 3. d3 Bc5 4. c3 d6 5. Nf3 Bg4 6. Nbd2 Nc6 7. a4 a5 8. Qb3
Qd7 9. Bb5 Bxf3 10. Nxf3 Qg4 11. O-O O-O 12. h3 Qg6 13. Nh4 Qh5 14. Nf5 g5 15.
Bxc6 bxc6 16. d4 Bb6 17. Qc2 exd4 18. cxd4 Rae8 19. f3 d5 20. exd5 cxd5 21. Bd2
Re6 22. Rae1 Rfe8 23. Kh1 Qg6 24. g4 h5 25. Qc1 hxg4 26. fxg4 Ne4 27. Kg2 Nd6
28. Nxd6 cxd6 29. Rxe6 Rxe6 30. Re1 Bxd4 31. Qc8+ Kg7 32. Rxe6 fxe6 33. Bc3
Qe4+ 34. Kf1 Bxc3 35. bxc3 Qf3+ 36. Kg1 Qxh3 37. Qc7+ Kf6 38. Qd8+ Ke5 39.
Qxg5+ Ke4 40. Qg6+ Kf4 41. Qf6+ 1/2-1/2

[Event "BW 2018 B-Open"]
[Site "Bad Woerishofen"]
[Date "2018.03.01"]
[Round "7.10"]
[White "Buchaeckert, Juergen"]
[Black "Natoli, Domenico"]
[Result "0-1"]
[WhiteElo "1859"]
[BlackElo "1737"]
[Annotator "chessorg"]
[PlyCount "76"]
[EventDate "2018.??.??"]
[WhiteTeam "SK 1912 Ludwigshafen"]
[BlackTeam "CENTROSCACCHI PALERMO"]

1. e4 c5 2. b4 cxb4 3. a3 bxa3 4. Bxa3 d6 5. Nf3 Nc6 6. d4 Bg4 7. Bb5 Qa5+ 8.
Nc3 Qxc3+ 9. Kf1 a6 10. Ba4 b5 11. Bb3 Bxf3 12. gxf3 b4 13. d5 Ne5 14. Ba4+ Kd8
15. Qb1 Nc4 16. Bc1 g6 17. Bc6 Ra7 18. Be3 Nxe3+ 19. fxe3 a5 20. Ke2 Bg7 21.
Qa2 Nf6 22. Rhb1 Nd7 23. Kf2 Qd2+ 24. Kg3 Bxa1 25. Qxa1 Qc3 26. Qa4 Nb6 27. Qb5
Qc5 28. Qd3 h5 29. f4 h4+ 30. Kg4 Qc4 31. Qd2 Qxe4 32. c3 Nc4 33. Qe2 Ne5+ 34.
Kh3 Qf5+ 35. Kg2 h3+ 36. Kg3 Qxb1 37. fxe5 Qg1+ 38. Kf3 Qg2+ 0-1

[Event "BW 2018 B-Open"]
[Site "Bad Woerishofen"]
[Date "2018.03.01"]
[Round "7.12"]
[White "Pfalzer, Helmut"]
[Black "Papa, Angelo"]
[Result "1-0"]
[WhiteElo "1844"]
[BlackElo "1754"]
[Annotator "chessorg"]
[PlyCount "67"]
[EventDate "2018.??.??"]
[WhiteTeam "PSV Memmingen e.V."]

1. d4 g6 2. c4 Bg7 3. Nc3 d6 4. e4 Nf6 5. Nf3 O-O 6. Be2 e5 7. dxe5 dxe5 8. O-O
Qe7 9. Bg5 c6 10. Qc2 Bg4 11. Rad1 h6 12. Be3 Na6 13. a3 Nc7 14. b4 Bxf3 15.
Bxf3 Ne6 16. Rd2 Rfd8 17. Rfd1 Rxd2 18. Rxd2 Rd8 19. g3 Nd4 20. Bxd4 Rxd4 21.
Rxd4 exd4 22. Ne2 Nh7 23. Bg2 c5 24. Nf4 b6 25. Nd5 Qe6 26. Qa4 Ng5 27. Qxa7 d3
28. Qa4 Nxe4 29. Bxe4 Qxe4 30. Qa8+ Kh7 31. Nf6+ Bxf6 32. Qxe4 d2 33. Qd3 cxb4
34. axb4 1-0

[Event "BW 2018 B-Open"]
[Site "Bad Woerishofen"]
[Date "2018.03.01"]
[Round "7.15"]
[White "Gerhards, Walter"]
[Black "Ellmaier, Ludwig"]
[Result "0-1"]
[WhiteElo "1953"]
[BlackElo "1774"]
[Annotator "chessorg"]
[PlyCount "58"]
[EventDate "2018.??.??"]
[WhiteTeam "Ratinger SK"]

1. e4 d6 2. d4 g6 3. Nf3 Bg7 4. c4 Nc6 5. Be2 e5 6. d5 Nce7 7. O-O f5 8. Nc3
Nf6 9. Nd2 f4 10. b4 O-O 11. Nb3 g5 12. c5 g4 13. f3 h5 14. Bd2 Ng6 15. Rc1 Rf7
16. Be1 Bf8 17. Bf2 Bh6 18. cxd6 cxd6 19. Be1 gxf3 20. Bxf3 Ng4 21. Bf2 Nh4 22.
h3 Ne3 23. Bxe3 fxe3 24. Qe2 Rg7 25. Kh1 Bf4 26. Bxh5 Rxg2 27. Rg1 Bxh3 28. Bf3
Nxf3 29. Qxf3 Qh4 0-1

[Event "BW 2018 B-Open"]
[Site "Bad Woerishofen"]
[Date "2018.03.01"]
[Round "7.17"]
[White "Rueggeberg, Wilhelm"]
[Black "Gajewski, Richard"]
[Result "0-1"]
[WhiteElo "1808"]
[BlackElo "1694"]
[Annotator "chessorg"]
[PlyCount "78"]
[EventDate "2018.??.??"]
[WhiteTeam "Sfr.Saarburg-Trier"]
[BlackTeam "SAbt Wolframs-Eschenbach"]

1. d4 Nf6 2. c4 c5 3. e3 cxd4 4. exd4 e6 5. Nc3 h6 6. Nf3 Bb4 7. Bd2 d5 8. cxd5
Bxc3 9. Bxc3 Nxd5 10. Bb5+ Bd7 11. Qa4 Nc6 12. O-O Rc8 13. Rac1 Nb6 14. Qa3 a6
15. Be2 Nd5 16. Rfe1 h5 17. Bd2 f6 18. Qd3 Kf7 19. a3 g5 20. Be3 h4 21. Nd2 Nf4
22. Bxf4 gxf4 23. Ne4 Be8 24. Red1 Kg7 25. Nc5 Qe7 26. Qe4 e5 27. d5 Bg6 28.
Qa4 Nd4 29. Bg4 Rxc5 30. Rxc5 Qxc5 31. Qd7+ Kh6 32. d6 Qc6 33. Qc7 f5 34. Qe7
Qe8 35. Qxh4+ Kg7 36. Qe7+ Qxe7 37. dxe7 fxg4 38. f3 gxf3 39. gxf3 Re8 0-1

[Event "BW 2018 B-Open"]
[Site "Bad Woerishofen"]
[Date "2018.03.01"]
[Round "7.20"]
[White "Bogner, Simon"]
[Black "Redemann, Dietmar"]
[Result "0-1"]
[WhiteElo "1674"]
[BlackElo "1791"]
[Annotator "chessorg"]
[PlyCount "40"]
[EventDate "2018.??.??"]
[WhiteTeam "SK Buchloe"]
[BlackTeam "SC Schwabmuenchen"]

1. e4 d5 2. exd5 Nf6 3. d4 Bg4 4. f3 Bf5 5. c4 e6 6. dxe6 Nc6 7. exf7+ Kxf7 8.
d5 Nb4 9. Na3 Bc5 10. Be2 Re8 11. Kf1 Qe7 12. g4 Nxg4 13. fxg4 Qh4 14. Kg2 Be4+
15. Bf3 Qxg4+ 16. Kf1 Qf5 17. Kg2 Kg8 18. Bxe4 Rxe4 19. Nf3 Qg4+ 20. Kf1 Rf8
0-1

[Event "BW 2018 B-Open"]
[Site "Bad Woerishofen"]
[Date "2018.03.01"]
[Round "7.21"]
[White "Walda, Michael"]
[Black "Gupta, Sara"]
[Result "1-0"]
[WhiteElo "1976"]
[BlackElo "1315"]
[Annotator "chessorg"]
[PlyCount "41"]
[EventDate "2018.??.??"]
[WhiteTeam "SAbt Niederraeder TG"]

1. g4 d5 2. Bg2 Bxg4 3. c4 c6 4. Qb3 Qc7 5. cxd5 cxd5 6. Nc3 e6 7. Qa4+ Nc6 8.
Qxg4 Nf6 9. Qa4 a6 10. Nf3 Bd6 11. Nb5 Qd7 12. Nxd6+ Qxd6 13. b3 b5 14. Ba3 b4
15. Rc1 Rc8 16. Bxb4 Qd7 17. Ne5 Qb7 18. Nxc6 Qd7 19. O-O d4 20. Ne5 Qxa4 21.
Rxc8# 1-0

[Event "BW 2018 B-Open"]
[Site "Bad Woerishofen"]
[Date "2018.03.01"]
[Round "7.30"]
[White "Keymling, Detlev"]
[Black "Zeleny, Luca"]
[Result "0-1"]
[WhiteElo "1641"]
[BlackElo "1659"]
[Annotator "chessorg"]
[PlyCount "126"]
[EventDate "2018.??.??"]
[WhiteTeam "SK Rochade Augsburg"]
[BlackTeam "SV Unser Fritz"]

1. d4 Nf6 2. Bf4 g6 3. c3 Bg7 4. h3 d6 5. Nf3 O-O 6. Nbd2 c5 7. e3 Nc6 8. Bd3
e5 9. Bg5 exd4 10. cxd4 cxd4 11. exd4 Re8+ 12. Be2 Qb6 13. Nc4 Qb4+ 14. Bd2
Qxc4 15. Rc1 Qxa2 16. O-O Qxb2 17. Be3 d5 18. Rb1 Qa3 19. Re1 Ne4 20. Rb3 Qd6
21. Qc2 b6 22. Bb5 Bb7 23. Qc1 Rec8 24. Bf4 Qd8 25. Qb2 a6 26. Bd3 Nc5 27. Rc3
Na4 28. Qd2 Nxc3 29. Qxc3 Nxd4 30. Qd2 Nxf3+ 31. gxf3 Bc3 32. Qe3 d4 33. Qe5
Bxe1 34. Bh6 Bxf2+ 35. Kg2 f6 36. Qe6+ Kh8 37. Kxf2 Rc6 38. Qf7 Qg8 39. Qxb7
Rc3 40. Qxb6 Qf7 41. Qxd4 Qa7 42. Qxa7 Rxa7 43. Be4 g5 44. Bf8 Kg8 45. Bb4 Rc8
46. Kg3 a5 47. Ba3 a4 48. Bf5 Re8 49. Be4 Kg7 50. Kg4 Rc7 51. Bd6 Rc4 52. Kf5
a3 53. Bxa3 Re5+ 54. Kg4 f5+ 55. Kxg5 fxe4+ 56. Kf4 exf3+ 57. Kg3 Rf5 58. Kf2
Kg6 59. Bd6 Kg5 60. Be7+ Kh5 61. h4 Rc2+ 62. Kg3 f2 63. Bc5 f1=N+ 0-1

[Event "BW 2018 B-Open"]
[Site "Bad Woerishofen"]
[Date "2018.03.01"]
[Round "7.31"]
[White "Kearsley, Raymond"]
[Black "Cremonini, Stefano"]
[Result "1-0"]
[WhiteElo "1616"]
[BlackElo "1591"]
[Annotator "chessorg"]
[PlyCount "69"]
[EventDate "2018.??.??"]
[WhiteTeam "Wimbledon"]

1. e4 g6 2. d4 Bg7 3. Nc3 d6 4. Nf3 a6 5. Be2 Nd7 6. O-O e6 7. Be3 Ne7 8. Qd2
h6 9. Rad1 b6 10. Ne1 Bb7 11. f4 f5 12. e5 d5 13. Nf3 Nf8 14. h4 Qd7 15. Nh2
O-O-O 16. h5 Qe8 17. hxg6 Qxg6 18. Na4 Rg8 19. Rf2 Nd7 20. Bd3 Kb8 21. b3 Ka7
22. Nb2 Rc8 23. a4 Bf8 24. c3 Qg7 25. b4 Ng6 26. Bf1 Be7 27. Nf3 Nh4 28. Nxh4
Bxh4 29. Rf3 Qf7 30. Nd3 Rg6 31. Rh3 Be7 32. a5 b5 33. Nc5 Nxc5 34. dxc5 Rcg8
35. c6+ 1-0

[Event "BW 2018 B-Open"]
[Site "Bad Woerishofen"]
[Date "2018.03.01"]
[Round "7.32"]
[White "Meroni, Alberto"]
[Black "Goetz, Sibylle"]
[Result "1/2-1/2"]
[WhiteElo "1028"]
[BlackElo "1236"]
[Annotator "chessorg"]
[PlyCount "38"]
[EventDate "2018.??.??"]
[BlackTeam "SC Siegburg"]

1. d4 Nc6 2. Nf3 g6 3. e3 Nf6 4. Nc3 d5 5. Be2 e6 6. O-O Bg7 7. b3 O-O 8. Bb2
b6 9. Bd3 Bd7 10. a3 Re8 11. b4 Qe7 12. Re1 a6 13. Qd2 a5 14. b5 Na7 15. a4
Rac8 16. e4 Nxe4 17. Nxe4 dxe4 18. Bxe4 h6 19. Bd3 f5 1/2-1/2

[Event "BW 2018 B-Open"]
[Site "Bad Woerishofen"]
[Date "2018.03.02"]
[Round "8.1"]
[White "Eschle, Hubert"]
[Black "Pensold, Heiko"]
[Result "1/2-1/2"]
[WhiteElo "1901"]
[BlackElo "1958"]
[Annotator "chessorg"]
[PlyCount "61"]
[EventDate "2018.??.??"]
[WhiteTeam "SR Spaichingen"]

1. e4 e5 2. Nf3 Nf6 3. d4 Nxe4 4. Bd3 d5 5. dxe5 Be7 6. Nbd2 Nc5 7. Be2 Bf5 8.
Nd4 Bd7 9. f4 Ne6 10. Nxe6 Bxe6 11. O-O Qd7 12. Bd3 g6 13. Nf3 c5 14. c3 Nc6
15. Be3 O-O-O 16. Bb5 Qc7 17. Qe2 Kb8 18. Qf2 d4 19. cxd4 Nxd4 20. Bxd4 cxd4
21. Rfc1 Qb6 22. Bd3 Rd7 23. a4 Rhd8 24. a5 Qb3 25. Qe2 Rc7 26. Rxc7 Kxc7 27.
a6 b6 28. Rc1+ Kb8 29. Bc4 Bxc4 30. Rxc4 Qe3+ 31. Kf1 1/2-1/2

[Event "BW 2018 B-Open"]
[Site "Bad Woerishofen"]
[Date "2018.03.02"]
[Round "8.2"]
[White "Spanton, Timothy"]
[Black "Bossoni, Mario"]
[Result "1/2-1/2"]
[WhiteElo "1901"]
[BlackElo "1907"]
[Annotator "chessorg"]
[PlyCount "94"]
[EventDate "2018.??.??"]

1. Nf3 d5 2. d4 Bf5 3. c4 e6 4. Nc3 c6 5. Qb3 Qb6 6. c5 Qxb3 7. axb3 h6 8. Bf4
Nd7 9. e3 Ngf6 10. h3 Be7 11. Be2 O-O 12. O-O Rfc8 13. Ra4 Ne4 14. Rfa1 Nxc3
15. bxc3 a6 16. b4 f6 17. b5 cxb5 18. Bxb5 Nb8 19. Nh4 Nc6 20. Nxf5 exf5 21.
Bd3 g6 22. Bxh6 Kf7 23. Bf4 Bf8 24. Rb1 Ra7 25. c4 dxc4 26. Bxc4+ Kg7 27. Ra2
Rd8 28. Bg3 g5 29. Rab2 f4 30. Bh2 Na5 31. Be2 Kg6 32. g3 Bh6 33. Bd3+ Kg7 34.
Be4 fxe3 35. fxe3 g4 36. Re2 Re8 37. Bf5 Rxe3 38. Bxg4 Rxe2 39. Bxe2 Be3+ 40.
Kg2 Bxd4 41. Bg1 Bxg1 42. Kxg1 Ra8 43. Bf3 Rc8 44. Bxb7 Rxc5 45. Bxa6 Rc3 46.
Kf2 Nb3 47. Rb2 Nc5 1/2-1/2

[Event "BW 2018 B-Open"]
[Site "Bad Woerishofen"]
[Date "2018.03.02"]
[Round "8.10"]
[White "Ellmaier, Ludwig"]
[Black "Listl, Rudolf"]
[Result "0-1"]
[WhiteElo "1774"]
[BlackElo "1975"]
[Annotator "chessorg"]
[PlyCount "52"]
[EventDate "2018.??.??"]
[BlackTeam "SC Peiting"]

1. d4 f5 2. c4 Nf6 3. Nc3 b6 4. Bg5 Bb7 5. Bxf6 exf6 6. Qd3 g6 7. Qe3+ Kf7 8.
a3 Nc6 9. Nf3 h5 10. Nh4 Qe8 11. Qd3 Ne7 12. Rg1 d5 13. g3 Qd7 14. Bg2 Rd8 15.
e3 Ba6 16. b3 Qc8 17. Bf1 c5 18. Nf3 dxc4 19. bxc4 cxd4 20. Nxd4 Nc6 21. Ncb5
Bc5 22. Qc3 Bxb5 23. Nxb5 a6 24. Qb3 Na5 25. Qa4 axb5 26. cxb5 Bxe3 0-1

[Event "BW 2018 B-Open"]
[Site "Bad Woerishofen"]
[Date "2018.03.02"]
[Round "8.11"]
[White "Litfin, Boris"]
[Black "Seepe, Uwe"]
[Result "1-0"]
[WhiteElo "1978"]
[BlackElo "1640"]
[Annotator "chessorg"]
[PlyCount "61"]
[EventDate "2018.??.??"]
[WhiteTeam "SC Emmemdingen"]
[BlackTeam "SV Koenigsspringer Lemgo e.V."]

1. e4 e5 2. Nf3 Nc6 3. d4 exd4 4. Nxd4 Nf6 5. Nxc6 bxc6 6. e5 Qe7 7. Qe2 Nd5 8.
c4 Ba6 9. b3 Qh4 10. a3 Bc5 11. g3 Qe7 12. Bg2 Nb6 13. O-O O-O 14. Bb2 Rfe8 15.
Nd2 f6 16. Rfe1 Qe6 17. Ne4 Be7 18. exf6 gxf6 19. Qf3 Qf7 20. Nxf6+ Bxf6 21.
Bxf6 Re6 22. Rxe6 Qxe6 23. Bc3 Rf8 24. Qh5 Qf7 25. Qg5+ Qg6 26. Qe5 d6 27. Qd4
c5 28. Qd2 Bc8 29. Re1 Be6 30. Be4 Qf7 31. Qg5+ 1-0

[Event "BW 2018 B-Open"]
[Site "Bad Woerishofen"]
[Date "2018.03.02"]
[Round "8.12"]
[White "Riedl, Guenter"]
[Black "Redemann, Dietmar"]
[Result "1/2-1/2"]
[WhiteElo "1846"]
[BlackElo "1791"]
[Annotator "chessorg"]
[PlyCount "45"]
[EventDate "2018.??.??"]
[WhiteTeam "SK Marktoberdorf"]
[BlackTeam "SC Schwabmuenchen"]

1. c4 c5 2. g3 Nc6 3. Bg2 g6 4. Nc3 Bg7 5. e3 e6 6. Nge2 Nge7 7. O-O O-O 8. a3
d5 9. d3 d4 10. exd4 Nxd4 11. Bg5 h6 12. Bxe7 Qxe7 13. Rb1 Rd8 14. Nxd4 Bxd4
15. Ne2 Bg7 16. b4 Rb8 17. Rb3 b6 18. bxc5 Qxc5 19. Qc2 Bd7 20. Nc3 Be8 21. a4
Bxc3 22. Rxc3 Qd4 23. Ra3 1/2-1/2

[Event "BW 2018 B-Open"]
[Site "Bad Woerishofen"]
[Date "2018.03.02"]
[Round "8.13"]
[White "Gajewski, Richard"]
[Black "Bernhard, Thomas"]
[Result "0-1"]
[WhiteElo "1694"]
[BlackElo "1800"]
[Annotator "chessorg"]
[PlyCount "68"]
[EventDate "2018.??.??"]
[WhiteTeam "SAbt Wolframs-Eschenbach"]
[BlackTeam "SF Gottmadingen"]

1. Nc3 Nf6 2. e4 e5 3. Bc4 Bc5 4. Nf3 d6 5. d4 exd4 6. Nxd4 O-O 7. Be3 Bb6 8.
h3 Re8 9. f3 Nbd7 10. Qd2 Ne5 11. Bb3 h6 12. O-O-O Ba5 13. a3 a6 14. Ba2 b5 15.
f4 Bxc3 16. bxc3 Nc4 17. Bxc4 bxc4 18. e5 dxe5 19. fxe5 Qe7 20. Nc6 Qxa3+ 21.
Kb1 Ne4 22. Qd4 Nxc3+ 23. Qxc3 Qxc3 24. Bd4 Qa3 25. Bb2 Qa4 26. Nd4 Rb8 27. c3
Rxe5 28. Rhf1 Bb7 29. g4 Be4+ 30. Kc1 c5 31. Rd2 cxd4 32. cxd4 Reb5 33. Re1 Bg6
34. d5 Qa2 0-1

[Event "BW 2018 B-Open"]
[Site "Bad Woerishofen"]
[Date "2018.03.02"]
[Round "8.14"]
[White "Papa, Angelo"]
[Black "Walda, Michael"]
[Result "0-1"]
[WhiteElo "1754"]
[BlackElo "1976"]
[Annotator "chessorg"]
[PlyCount "25"]
[EventDate "2018.??.??"]
[BlackTeam "SAbt Niederraeder TG"]

1. d4 d5 2. c4 Nc6 3. Nf3 dxc4 4. e3 e5 5. Bxc4 Bg4 6. Qb3 Bb4+ 7. Bd2 Qe7 8.
Nc3 Bxf3 9. gxf3 exd4 10. Nd5 Bxd2+ 11. Kxd2 dxe3+ 12. fxe3 O-O-O 13. Ke2 0-1